Najwięcej warci gracze w Serie A - Statystyki

Ogólne statystyki
  • Ten quiz został rozwiązany 144 razy
    62 od ostatniego zresetowania
  • Średni wynik to 15 z 25
Statystyki odpowiedzi
Hint Odpowiedź % Poprawnych
Inter, Argentyna, 85 mln euro Laurato Martinez
100%
Milan, Portugalia, 90 mln euro Rafael Leao
94%
Juventus, Serbia, 70 mln euro Dusan Vlahovic
88%
Napoli, Nigeria, 120 mln euro Victor Osimhen
83%
Inter, Włochy, 75 mln euro Nicolo Barella
81%
Inter, Słowacja, 50 mln euro Milan Skriniar
79%
Milan, Francja, 60 mln euro Theo Hernandez
77%
Lazio, Serbia, 50 mln euro Sergej Milinkovic-Savic
75%
Inter, Włochy, 60 mln euro Alessandro Bastoni
73%
Napoli, Korea Południowa, 60 mln euro Kim Min-jae
73%
Inter, Belgia, 40 mln euro Romelu Lukaku
63%
Milan, Anglia, 40 mln euro Fikayo Tomori
62%
Milan, Francja, 45 mln euro Mike Maignan
60%
Juventus, Włochy, 40 mln euro Federico Chiesa
58%
Milan, Włochy, 50 mln euro Sandro Tonali
54%
Napoli, Gruzja, 85 mln euro Khvicha Kvaratskhelia
52%
Juventus, Brazylia, 40 mln euro Bremer
50%
Inter, Turcja, 40 mln euro Hakan Calhanoglu
50%
Napoli, Słowacja, 40 mln euro Stanislav Lobotka
50%
Roma, Anglia, 40 mln euro Tammy Abraham
48%
Atalanta, Dania, 45 mln euro Rasmus Hojlund
46%
Juventus, Francja, 40 mln euro Adrien Rabiot
44%
Napoli, Kamerun, 40 mln euro Frank Anguissa
38%
Milan, Algieria, 40 mln euro Ismael Bennacer
37%
Atalanta, Włochy, 40 mln euro Giorgio Scalvini
12%
Nie znaleziono quizów pasujących do podanych kryteriów
Rozkład punktacji
Procent ludzi z każdym wynikiem
Percentyl według liczby udzielonych odpowiedzi
Twoja historia wyników
Nie rozwiązałeś tego quizu od ostatniego zresetowania